| 000 | 00580nam a2200181 a 4500 | ||
|---|---|---|---|
| 005 | 20221118063623.0 | ||
| 008 | 020924s1992 mx r 000 0 spa d | ||
| 020 | _a9688604496 | ||
| 035 | _aUPN01000119620 | ||
| 049 | _aCG | ||
| 050 | 4 |
_aLB1140.5 R4 _bS3.2 |
|
| 100 | 1 |
_aSastrías de Porcel, Martha, _d1938- _937285 |
|
| 245 | 1 | 0 |
_aCómo motivar a los niños a leer : _blecto-juegos y algo más / _cMartha Sastrías de Porcel. |
| 260 |
_aMéxico : _bPax-México, _cc1992. |
||
| 300 |
_a180 p. : _bil. |
||
| 650 | 4 |
_aLectura _xEstudio y enseñanza (Elemental) _92805 |
|
| 905 | _aLibro | ||
| 999 |
_c91972 _d91972 |
||